LEADER 01176nam a2200289 i 4500 001 000000252134 003 CaOOAMICUS 005 20161214000000.0 008 161214s2016 it u000 u ita u 013 $a231039 020 $a978-88-7105-372-1 040 $aSeMil$bita 100 1 $aMarzo, Davide <1980- >.$0(OLS)http://semarc/name/72892 245 13$aLa questione del male in Yves Labbé /$cDavide Marzo ; a cura di Milvia Fioroni. 260 $aMilano :$bGlossa,$c2016. 300 $a267 p. ;$c20 cm. 490 0 $aSapientia ;$v76 650 4$aTeodicea.$0(OLS)http://semarc/subject/1184 650 4$aLabbé, Yves.$0(OLS)http://semarc/subject/37886 700 1 $aFioroni, Milvia.$0(OLS)http://semarc/name/37401 830 0$aSapientia ;$v76.$0(OLS)http://semarc/title/625 850 $aSeMil 852 $aSeMil$W1$xVenegono$y1$m2KA O 76$j229423$B202480$CSeMilBibl$Z2$F215228 $81 961 $aOmaggio: Como don Giuseppe 996 $6020$a978-88-7105-372-1$9(OLS)http://semarc/number/263275 996 $6245$aLa questione del male in Yves Labbé$9(OLS)http://semarc/title/354340 996 $6260$aMilano :$bGlossa$9(OLS)http://semarc/publisher/29635 LEADER 01120nam a2200217 i 4500 001 000000028916 003 CaOOAMICUS 005 20230428112217.0 008 180830s1802 fr u000 u fre u 040 $aSeMil$bita 100 1 $aVattel, Emer : de,$d<1714-1766>.$0(OLS)http://semarc/name/13195 245 13$aLe droit des gens, ou Principes de la loi naturelle, appliqués à la conduite et aux affaires des nations et des souverains. Par m. de Vattel. Tome 1. [-3.]. 250 $aNouvelle édition augmentée. 260 $aA Lyon :$bChez Robert et Gauthier,$c1802. 300 $a3 v. ;$c12°. 774 0 $aVattel, Emer : de <1714-1766>$tTome 1.$g1$w()73594 774 0 $aVattel, Emer : de <1714-1766>$tTome 2.$g2$w()223790 774 0 $aVattel, Emer : de <1714-1766>$tTome 3.$g3$w()223789 996 $6245$aLe droit des gens, ou Principes de la loi naturelle, appliqués à la conduite et aux affaires des nations et des souverains. Par m. de Vattel. Tome 1. [-3.]$9(OLS)http://semarc/title/39243 996 $6260$aA Lyon :$bChez Robert et Gauthier$9(OLS)http://semarc/publisher/37929